000 00476nam a2200205Ia 4500
008 210210b1935 xxu||||| |||| 00| 0 eng d
041 _aeng
082 _a320/673
100 _aSASTRY (K R R)
245 _aLeague of nations convenant:a judicial study
260 _aMadras
_b-
_c1935
300 _a133
650 _astudy
650 _anations
650 _aLeague
650 _ajudicial
650 _aconvenant:a
690 _aPolitical Science
906 _a003304
999 _c120938
_d120938